Normal view
MARC view
- تأليف سلوم،نوار نظير
Entry Personal Name
001 - CONTROL NUMBER
- control field: 7567
003 - CONTROL NUMBER IDENTIFIER
- control field: JO-AjAnu
005 - DATE AND TIME OF LATEST TRANSACTION
- control field: 20230606071525.0
008 - FIXED-LENGTH DATA ELEMENTS
- fixed length control field: 230606|| aca||aabn | a|a d
040 ## - CATALOGING SOURCE
- Original cataloging agency: JO-AjAnu
- Transcribing agency: JO-AjAnu
100 ## - HEADING--PERSONAL NAME
- Personal name: تأليف سلوم،نوار نظير
670 ## - SOURCE DATA FOUND
- Source citation: Work cat.: (JO-AjAnu)3913: تأليف سلوم،نوار نظير, author, البريق الأول: خواطر كتبت بين الأعوام 1999-2002